000 00727nam a2200265Ia 4500
003 OSt
005 20220930200515.0
006 a|||||r|||| 00| 0
007 ta
008 urd
024 _a36435
037 _cDissertations
040 _aCRL
_cCRL
_burd
041 _2urd
_aurd
100 _aAbdul Samed Khan
_9565004
110 _aUniversity of Delhi. Faculty of Arts. Department of Urdu
245 0 _aGharonda ka tanqeedi mutalea
260 _c1985
300 _a149p.
_ccm.
650 _aURDU LANGUAGE
700 _a Prof. S. Sadiq Gu.
_9565005
700 _aUniversity of Delhi. Faculty of Arts. Department of Urdu
942 _cDIS
_2CC
999 _c900673
_d900673